Zlaté hity soubor textů s kytarovými značkami k 93 obecně známým melodiím. Seš. 2 /

Další autoři: Vyskočilová, Alena
Jazyk: Čeština
Vydáno: Ostrava : AKS, 1994
Fyzický popis: 99 s. : il. ; 21 cm
Hudebniny Hudebniny
Uloženo v:
LEADER 00796ncm a2200205 a 4500
001 000053996
003 CZ BrMZK
005 20100927121616.0
008 950101s1994 xr f cze d
020 |a 80-85798-27-1 
040 |a BOA001  |b cze 
080 |a 784.7  |2 MRF 
245 0 0 |a Zlaté hity  |h [hudebnina] :  |b soubor textů s kytarovými značkami k 93 obecně známým melodiím.  |n Seš. 2 /  |c ilustrace Alena Vyskočilová. 
260 |a Ostrava :  |b AKS,  |c 1994 
300 |a 99 s. :  |b il. ;  |c 21 cm 
500 |a Sestavila a upravila redakce AKS Ostrava. - V textu obr.některých hmatů 
700 1 |a Vyskočilová, Alena  |7 mzk2010599592  |4 ill 
910 |a BOA001  |b Mus2-1015.783,2 
990 |a MU 
996 6 |b 2610030460  |c Mus2-1015.783,2  |l MZK  |r Sklad / do 1 hodiny  |n 3  |p p.v.  |w 000053996  |u 000010  |a 1  |e BOA001  |j MZK50  |s P